000 00563nam a2200193 i 4500
001 123230
003 ES-MaACL
005 20250828130310.0
007 t|
008 070214s1919 fr r ||||0| fre d
100 1 _aPsichari, Ernest.
_994104
245 1 2 _aL'Appel des armes /
_cErnest Psichari.
250 _aNouvelle éd
_baugm. d'une préface de Mgr. Baudrillart.
260 _aParis :
_bLahure,
_c1919.
300 _a324 p ;
_c18 x 11 cm.
700 1 _aBaudrillart, Alfred,
_d1859-1942
_926535
852 _aES-MaACL
_jF-4765
999 _c123230
_d123230